| 000 | 00816nam a2200253 a 4500 | ||
|---|---|---|---|
| 001 | 69405 | ||
| 003 | BD-RjUL | ||
| 005 | 20211209081902.0 | ||
| 008 | 881130s1988 ne a b 000 0 eng d | ||
| 020 | _a9022009580 | ||
| 035 | _a(BD-RjUL)69616 | ||
| 040 |
_aAGL _cAGL _dVPI _dMYG _dBD-RjUL _beng |
||
| 041 | _aeng | ||
| 082 |
_223 _a631.53 _bPLA 1988 |
||
| 245 | 1 | 0 |
_aPlant sperm cells as tools for biotechnology / _cH.J. Wilms and C.J. Keijzer, eds. |
| 260 |
_aWageningen, the Netherlands : _bPudoc, _c1988. |
||
| 300 |
_ax, 177 p. : _bill. ; _c25 cm. |
||
| 504 | _aIncludes bibliographical references. | ||
| 650 | 0 |
_aPlant breeding. _9205597 |
|
| 650 | 0 |
_aPlant genetic engineering. _9202228 |
|
| 700 | 1 |
_aWilms, H. J. _9205598 |
|
| 700 | 1 |
_aKeijzer, C. J. _q(Christiaan Jacobus), _d1950- _9205599 |
|
| 942 |
_2ddc _cBK |
||
| 999 |
_c69405 _d69405 |
||